000 00325nam a2200133Ia 4500
005 20260326235443.0
008 260326s9999||||xx |||||||||||||| ||und||
100 _aMarín, Mario
245 0 _aPoliedros /
_cMario Marín
260 _bUniversidad de Antioquia
300 _a137 p.
650 _aDISEÑO INDUSTRIAL
942 _cBK
999 _c7481
_d7481